Manchester United PL Goalkeepers after Peter Schmeichel Quiz Stats

 Plays Quiz not verified by Sporcle

Score 0/17 Timer 06:00
0 Plays Today
Year of first PL appearance Goalkeeper % Correct
00-01Fabien Barthez
91.7%
03-04Tim Howard
86.2%
99-00Mark Bosnich
81.5%
01-02Roy Carroll
79.1%
11-12David De Gea
78.7%
05-06Edwin van der Sar
77.6%
99-00Massimo Taibi
70.1%
10-11Anders Lindegaard
69.3%
07-08Ben Foster
68.5%
Year of first PL appearance Goalkeeper % Correct
11-12Ben Amos
60.6%
96-97Raimond van der Gouw
59.1%
06-07Tomasz Kuszczak
49.2%
02-03Ricardo
41.3%
00-01Andy Goram
40.9%
00-01Andy Goram
40.9%
99-00Nick Culkin
26.8%
00-01Paul Rachubka
25.2%

You're not logged in!

Compare scores with friends on all Sporcle quizzes.
OR
Log In

Sporcle TV

Today on Sporcle TV


Watch our educational content, quiz creation guides, and fun videos on Sporcle TV.

Show Comments

Extras

Top Quizzes Today


Score Distribution

Your Account Isn't Verified!

In order to create a playlist on Sporcle, you need to verify the email address you used during registration. Go to your Sporcle Settings to finish the process.

Report this User

Report this user for behavior that violates our Community Guidelines.

Details: